LIBRARY & INFORMATION CENTRE, KCAET, TAVANUR

ONLINE PUBLIC ACCESS CATALOGUE (OPAC)

Everlasting Circle / (Record no. 4458)

MARC details
000 -LEADER
fixed length control field 00365cam a2200145ua 4500
041 ## - LANGUAGE CODE
Language code of text/sound track or separate title eng
082 ## - DEWEY DECIMAL CLASSIFICATION NUMBER
Classification number 821
Item number REE/EV
100 ## - MAIN ENTRY--AUTHOR NAME
Personal name Reeves, James .
245 ## - TITLE STATEMENT
Title Everlasting Circle /
260 ## - PUBLICATION, DISTRIBUTION, ETC. (IMPRINT)
Place of publication London :
Name of publisher Heinemann Educational Books Ltd. ,
Year of publication 1960.
300 ## - PHYSICAL DESCRIPTION
Number of Pages 303 ; .
942 ## - ADDED ENTRY ELEMENTS (KOHA)
Koha item type Books
Holdings
Withdrawn status Lost status Damaged status Home library Current library Date acquired Cost, normal purchase price Full call number Accession Number Koha item type Public note
Withdrawn     KAUAET Sanskrit University 07/04/2012 25.00 821 6755 Books Transferred to Sanskrit University
free website counter